What Came First? #2 - Statistics

General Stats
  • This quiz has been taken 34 times
  • The average score is 8 of 15
Answer Stats
Question Answer % Correct
Pablo Picasso or Andy Warhol Pablo Picasso
79%
Microsoft or Apple Microsoft
76%
Google or Microsoft Microsoft
72%
Cleopatra or Julius Caesar Julius Caesar
69%
Seinfeld or Friends Seinfeld
69%
Byzantine Empire or Roman Empire Roman Empire
66%
Ikea or Walmart Ikea
55%
Cotton gin or steam engine Steam engine
52%
First subway system or end of the American Civil War? Subway system
52%
Cotton candy or hot dogs Hot dogs
45%
NFL or NHL NHL
41%
The first heart transplant or lung transplant Lung transplant
34%
Santa Fe or Montreal Santa Fe
34%
Anne Boleyn or Joan of Arc Anne Boleyn
24%
Anne Frank or Martin Luther King Jr Martin Luther King Jr
7%
No matching quizzes found
Score Distribution
Percent of People with Each Score
Percentile by Number Answered
Your Score History
You have not taken this quiz